[Event "Challenge"]
[Site "http://www.queenalice.com/game.php?id=1482409"]
[Date "2017.6.15"]
[Round "-"]
[White "Sigmund"]
[Black "bumpywater"]
[Result "0-1"]
[WhiteElo "1950"]
[BlackElo "1949"]

1. d4 d5 2. e3 Nc6 3. Bd3 Nf6 4. Bd2 Bg4 5. f3 Bh5 6. g4 Bg6 7. h4 Bxd3 8. cxd3
h6 9. Nc3 e6 10. a3 Bd6 11. Qe2 Bg3+ 12. Kd1 a6 13. f4 Nd7 14. Qf3 Bxh4 15. f5
exf5 16. Qxf5 Bf6 17. Nxd5 Ne7 18. Qe4 O-O 19. Nxf6+ Nxf6 20. Qxb7 Nxg4 21. Qg2
f5 22. e4 Qxd4 23. Rb1 Rab8 24. Ne2 Qa4+ 25. Ke1 Qd7 26. Qg3 fxe4 27. dxe4 Qe6
28. Rh4 Qxe4 29. Rc1 h5 30. Rxh5 Rf2 31. Re5 Rxe2+ 0-1